<?xml version="1.0" encoding="UTF-8"?><?xml-stylesheet type="text/xsl" href="static/style.xsl"?><OAI-PMH xmlns="http://www.openarchives.org/OAI/2.0/" xmlns:xsi="http://www.w3.org/2001/XMLSchema-instance" xsi:schemaLocation="http://www.openarchives.org/OAI/2.0/ http://www.openarchives.org/OAI/2.0/OAI-PMH.xsd"><responseDate>2026-04-17T04:25:11Z</responseDate><request verb="GetRecord" identifier="oai:www.recercat.cat:2072/461259" metadataPrefix="marc">https://recercat.cat/oai/request</request><GetRecord><record><header><identifier>oai:recercat.cat:2072/461259</identifier><datestamp>2025-08-31T15:30:26Z</datestamp><setSpec>com_2072_98</setSpec><setSpec>col_2072_378192</setSpec></header><metadata><record xmlns="http://www.loc.gov/MARC21/slim" xmlns:dcterms="http://purl.org/dc/terms/" xmlns:xsi="http://www.w3.org/2001/XMLSchema-instance" xmlns:doc="http://www.lyncode.com/xoai" xsi:schemaLocation="http://www.loc.gov/MARC21/slim http://www.loc.gov/standards/marcxml/schema/MARC21slim.xsd">
   <leader>00925njm 22002777a 4500</leader>
   <datafield ind2=" " ind1=" " tag="042">
      <subfield code="a">dc</subfield>
   </datafield>
   <datafield ind2=" " ind1=" " tag="720">
      <subfield code="a">Vignale, Silvana Paola</subfield>
      <subfield code="e">author</subfield>
   </datafield>
   <datafield ind2=" " ind1=" " tag="720">
      <subfield code="a">Alvarez, Luciana</subfield>
      <subfield code="e">author</subfield>
   </datafield>
   <datafield ind2=" " ind1=" " tag="260">
      <subfield code="c">2022</subfield>
   </datafield>
   <datafield ind2=" " ind1=" " tag="520">
      <subfield code="a">Realizamos una reflexión sobre los procesos actuales de subjetivación en el marco de lo que, a partir de los desarrollos de Foucault de finales de los años '70 se denomina "gubernamentalidad neoliberal". Trabajamos genealógicamente desde la constitución del individuo moderno como titular de derechos, donde su relación con el uso público de la razón opera como aquello que garantiza su seguridad al mismo tiempo que certifica su obediencia, y posteriormente con su devenir de sujeto empresarial. Este trabajo nos permite interpelar las relaciones actuales entre sujeto, poder y verdad, a partir de precisar la idea de prácticas de libertad-enunciada por Foucault a comienzos de los años '80- como prácticas de resistencia situadas más allá de las libertades modernas. Considerando lo que podría ser un nuevo declive de estas relaciones, nuestra pregunta se dirige a una actualización de la actitud crítica: ¿cómo es posible la inscripción de prácticas de libertad en las tensiones actuales entre libertad y obediencia?</subfield>
   </datafield>
   <datafield ind2=" " ind1=" " tag="520">
      <subfield code="a">We undertake a study on the ongoing processes of subjectivation under the label of what is known as 'neoliberal governmentality', following Foucault's works corresponding to the end of the '70s. We work genealogically, from the constitution of the modern individual as a holder of rights, to demonstrate that what it works as a guarantee of security is at the same time what certifies obedience, figurated trough the management of the public and private use of reason. We can also find this paradox in the entrepreneurial drift of neoliberalism, through the performance/pleasure apparatus. This work allows us to interrogate the current relationships between subject, power and truth, starting from an analysis of the notion of practices of freedom -which was enunciated by Foucault at the end of the '80s- as practices of resistance located beyond modern liberties.</subfield>
   </datafield>
   <datafield tag="653" ind2=" " ind1=" ">
      <subfield code="a">Prácticas de libertad</subfield>
   </datafield>
   <datafield tag="653" ind2=" " ind1=" ">
      <subfield code="a">Obediencia</subfield>
   </datafield>
   <datafield tag="653" ind2=" " ind1=" ">
      <subfield code="a">Libertad</subfield>
   </datafield>
   <datafield tag="653" ind2=" " ind1=" ">
      <subfield code="a">Gubernamentalidad neoliberal</subfield>
   </datafield>
   <datafield ind2="0" ind1="0" tag="245">
      <subfield code="a">Prácticas de libertad en la gubernamentalidad neoliberal : notas para el ejercicio de las desobediencias</subfield>
   </datafield>
</record></metadata></record></GetRecord></OAI-PMH>